Reflexiones y aspectos para el análisis de las condiciones y propuestas para una teoría crítica renovada en América Latina
Uloženo v:
| Hlavní autor: | |
|---|---|
| Médium: | Kniha |
| Jazyk: | Spanish |
| Vydáno: |
San José, Costa Rica
DEI
2004
|
| Témata: | |
| Tagy: |
Přidat tag
Žádné tagy, Buďte první, kdo vytvoří štítek k tomuto záznamu!
|
MARC
| LEADER | 00000nam a2200000 4500 | ||
|---|---|---|---|
| 003 | cru CIDCACS/IIS | ||
| 005 | 20181120110823.0 | ||
| 008 | 181120b ||||| |||| 00| 0 spa d | ||
| 999 | |c 41916 |d 41916 | ||
| 040 | |c cru CIDCACS/IIS | ||
| 090 | |a REV0750 (115) 2004 | ||
| 100 | |9 7988 |a Dussel Peters, Enrique | ||
| 245 | |a Reflexiones y aspectos para el análisis de las condiciones y propuestas para una teoría crítica renovada en América Latina |c Enrique Dussel Peters | ||
| 260 | |a San José, Costa Rica |b DEI |c 2004 | ||
| 300 | |a 14 - 17 páginas. | ||
| 650 | 0 | |9 4605 |a TEORIA CRITICA | |
| 650 | 4 | |9 2655 |a POLITICA ECONOMICA | |
| 650 | 0 | |9 3524 |a PROPIEDAD PRIVADA | |
| 650 | 0 | |9 64 |a CAPITALISMO | |
| 651 | 0 | |9 17 |a AMERICA LATINA | |
| 773 | 0 | |0 41641 |9 2425 |a Departamento Ecuménico de Investigaciones (DEI) |d San José, Costa Rica Departamento Ecuménico de Investigaciones (DEI) |o 20208 |t Pasos / | |
| 942 | |2 ddc |c PP | ||
